<?xml version="1.0" encoding="UTF-8"?>
<record
    xmlns:xsi="http://www.w3.org/2001/XMLSchema-instance"
    xsi:schemaLocation="http://www.loc.gov/MARC21/slim http://www.loc.gov/standards/marcxml/schema/MARC21slim.xsd"
    xmlns="http://www.loc.gov/MARC21/slim">

  <leader>00808nam a2200205Ia 4500</leader>
  <controlfield tag="003">OSt</controlfield>
  <controlfield tag="005">20260508145406.0</controlfield>
  <controlfield tag="008">210210b1991   xxu||||| |||| 00| 0 eng d</controlfield>
  <datafield tag="040" ind1=" " ind2=" ">
    <subfield code="c">AL</subfield>
  </datafield>
  <datafield tag="041" ind1=" " ind2=" ">
    <subfield code="a">Sanskrit</subfield>
  </datafield>
  <datafield tag="082" ind1=" " ind2=" ">
    <subfield code="a">398.2K RAJJ</subfield>
  </datafield>
  <datafield tag="100" ind1=" " ind2=" ">
    <subfield code="a">RAJENDRA (D K) mattu GIRIGAUDA (N).</subfield>
    <subfield code="d">&#xCB0;&#xCBE;&#xC9C;&#xCC7;&#xC82;&#xCA6;&#xCCD;&#xCB0; (&#xCA1;&#xCBF; &#xC95;&#xCC6;) &#xCAE;&#xCA4;&#xCCD;&#xCA4;&#xCC1; &#xC97;&#xCBF;&#xCB0;&#xCBF;&#xC97;&#xCCC;&#xCA1; (&#xCA8;&#xCBF;)</subfield>
    <subfield code="9">263638</subfield>
  </datafield>
  <datafield tag="245" ind1=" " ind2=" ">
    <subfield code="a">Janapada sambhavane. (Da G. Sham Paramashivayya abhinandana granta).</subfield>
    <subfield code="b">&#xC9C;&#xCA8;&#xCAA;&#xCA6; &#xCB8;&#xC82;&#xCAD;&#xCBE;&#xCB5;&#xCA8;&#xCC6;. (&#xCA1;&#xCBE;. &#xC9C;&#xCC0;. &#xCB6;&#xC82;. &#xCAA;&#xCB0;&#xCAE;&#xCB6;&#xCBF;&#xCB5;&#xCAF;&#xCCD;&#xCAF;  &#xC85;&#xCAD;&#xCBF;&#xCA8;&#xC82;&#xCA6;&#xCA8;&#xCBE; &#xC97;&#xCCD;&#xCB0;&#xC82;&#xCA5;) </subfield>
  </datafield>
  <datafield tag="260" ind1=" " ind2=" ">
    <subfield code="a">Maisuru.</subfield>
    <subfield code="b">Talukina Venkannayya Smaraka Granthamale</subfield>
    <subfield code="c">1991</subfield>
  </datafield>
  <datafield tag="300" ind1=" " ind2=" ">
    <subfield code="a">xii,463</subfield>
  </datafield>
  <datafield tag="650" ind1=" " ind2=" ">
    <subfield code="a">Paramashivayya</subfield>
    <subfield code="9">263639</subfield>
  </datafield>
  <datafield tag="690" ind1=" " ind2=" ">
    <subfield code="a">Folklore</subfield>
    <subfield code="9">263640</subfield>
  </datafield>
  <datafield tag="906" ind1=" " ind2=" ">
    <subfield code="a">045993</subfield>
  </datafield>
  <datafield tag="942" ind1=" " ind2=" ">
    <subfield code="2">ddc</subfield>
    <subfield code="c">BK</subfield>
  </datafield>
  <datafield tag="999" ind1=" " ind2=" ">
    <subfield code="c">95590</subfield>
    <subfield code="d">95590</subfield>
  </datafield>
  <datafield tag="952" ind1=" " ind2=" ">
    <subfield code="0">0</subfield>
    <subfield code="1">0</subfield>
    <subfield code="2">ddc</subfield>
    <subfield code="4">0</subfield>
    <subfield code="7">0</subfield>
    <subfield code="8">OTH</subfield>
    <subfield code="a">AL</subfield>
    <subfield code="b">AL</subfield>
    <subfield code="c">Folklore</subfield>
    <subfield code="d">2021-02-17</subfield>
    <subfield code="e">Athree Book Centre, Mangalore-01.</subfield>
    <subfield code="g">180.00</subfield>
    <subfield code="l">0</subfield>
    <subfield code="o">398.2K RAJJ</subfield>
    <subfield code="p">045993</subfield>
    <subfield code="r">2021-02-17 00:00:00</subfield>
    <subfield code="w">2021-02-17</subfield>
    <subfield code="y">BK</subfield>
  </datafield>
</record>
